<?xml version="1.0" encoding="UTF-8"?>
<record
    xmlns:xsi="http://www.w3.org/2001/XMLSchema-instance"
    xsi:schemaLocation="http://www.loc.gov/MARC21/slim http://www.loc.gov/standards/marcxml/schema/MARC21slim.xsd"
    xmlns="http://www.loc.gov/MARC21/slim">

  <leader>01013nam a22002657a 4500</leader>
  <controlfield tag="005">20170123162318.0</controlfield>
  <datafield tag="010" ind1=" " ind2=" ">
    <subfield code="a">A-794804</subfield>
  </datafield>
  <datafield tag="020" ind1=" " ind2=" ">
    <subfield code="c">225.00</subfield>
    <subfield code="a">8171600700</subfield>
  </datafield>
  <datafield tag="035" ind1=" " ind2=" ">
    <subfield code="a">A-794804</subfield>
  </datafield>
  <datafield tag="037" ind1=" " ind2=" ">
    <subfield code="b">Cen Lib/Ret</subfield>
  </datafield>
  <datafield tag="040" ind1=" " ind2=" ">
    <subfield code="a">DPL</subfield>
    <subfield code="b">UR</subfield>
  </datafield>
  <datafield tag="082" ind1=" " ind2=" ">
    <subfield code="a">841.08</subfield>
    <subfield code="b">&#x627; &#x642; &#x628; </subfield>
  </datafield>
  <datafield tag="100" ind1=" " ind2=" ">
    <subfield code="a">&#x631;&#x641;&#x6CC;&#x642; &#x632;&#x6A9;&#x631;&#x6CC;&#x627; </subfield>
    <subfield code="9">115697</subfield>
  </datafield>
  <datafield tag="245" ind1=" " ind2=" ">
    <subfield code="a">&#x627;&#x642;&#x628;&#x627;&#x644; &#x634;&#x6CC;&#x631; &#x627;&#x648;&#x631; &#x633;&#x6CC;&#x627;&#x633;&#x62A; &#x62F;&#x627;&#x646; /</subfield>
    <subfield code="b">&#x631;&#x641;&#x6CC;&#x642; &#x632;&#x6A9;&#x631;&#x6CC;&#x627; &#x61B; &#x62A;&#x631;&#x62C;&#x645;&#x6C1; &#x639;&#x628;&#x62F;&#x627;&#x644;&#x633;&#x62A;&#x627;&#x631; &#x62F;&#x644;&#x648;&#x6CC;</subfield>
  </datafield>
  <datafield tag="246" ind1=" " ind2=" ">
    <subfield code="a">Iqbal Shayar aur siyasat daan /</subfield>
    <subfield code="b">by Rafeeq Zakarya ; translated by Abulsattar Delvi </subfield>
  </datafield>
  <datafield tag="260" ind1=" " ind2=" ">
    <subfield code="a">&#x646;&#x6CC;&#x6CC; &#x62F;&#x6C1;&#x644;&#x6CC; </subfield>
    <subfield code="b">&#x627;&#x646;&#x62C;&#x645;&#x646; &#x62A;&#x631;&#x642;&#x6CC; &#x627;&#x631;&#x62F;&#x648; </subfield>
    <subfield code="c">1995</subfield>
  </datafield>
  <datafield tag="270" ind1=" " ind2=" ">
    <subfield code="b">&#x646;&#x6CC;&#x6CC; &#x62F;&#x6C1;&#x644;&#x6CC; </subfield>
    <subfield code="a">&#x627;&#x631;&#x62F;&#x648; &#x6AF;&#x6BE;&#x631; : &#x662;&#x661;&#x662; &#x631;&#x648;&#x633;&#x6D2; &#x627;&#x6CC;&#x648;&#x646;&#x6CC;&#x648; </subfield>
    <subfield code="e">110002</subfield>
  </datafield>
  <datafield tag="300" ind1=" " ind2=" ">
    <subfield code="a">274p.</subfield>
    <subfield code="c">21cm(Hb)</subfield>
  </datafield>
  <datafield tag="650" ind1=" " ind2=" ">
    <subfield code="a">&#x627;&#x631;&#x62F;&#x648; &#x627;&#x62F;&#x628; </subfield>
    <subfield code="9">115698</subfield>
  </datafield>
  <datafield tag="650" ind1=" " ind2=" ">
    <subfield code="a">&#x627;&#x631;&#x62F;&#x648; &#x633;&#x648;&#x627;&#x646;&#x62D; &#x639;&#x645;&#x631;&#x6CC;     </subfield>
    <subfield code="9">115699</subfield>
  </datafield>
  <datafield tag="650" ind1=" " ind2=" ">
    <subfield code="a">Urdu literature </subfield>
    <subfield code="9">115700</subfield>
  </datafield>
  <datafield tag="650" ind1=" " ind2=" ">
    <subfield code="a">Urdu biography </subfield>
    <subfield code="9">511</subfield>
  </datafield>
  <datafield tag="700" ind1=" " ind2=" ">
    <subfield code="a"> &#x639;&#x628;&#x62F;&#x627;&#x644;&#x633;&#x62A;&#x627;&#x631; &#x62F;&#x644;&#x648;&#x6CC;</subfield>
    <subfield code="9">108487</subfield>
  </datafield>
  <datafield tag="942" ind1=" " ind2=" ">
    <subfield code="2">ddc</subfield>
    <subfield code="c">UR</subfield>
    <subfield code="h">841.08</subfield>
    <subfield code="m">&#x627; &#x642; &#x628; </subfield>
  </datafield>
  <datafield tag="999" ind1=" " ind2=" ">
    <subfield code="c">106860</subfield>
    <subfield code="d">106860</subfield>
  </datafield>
  <datafield tag="952" ind1=" " ind2=" ">
    <subfield code="0">0</subfield>
    <subfield code="1">0</subfield>
    <subfield code="4">0</subfield>
    <subfield code="7">0</subfield>
    <subfield code="a">L</subfield>
    <subfield code="b">L</subfield>
    <subfield code="d">2015-12-30</subfield>
    <subfield code="e">Cen Lib/Ret</subfield>
    <subfield code="g">225.00</subfield>
    <subfield code="l">0</subfield>
    <subfield code="o">841.08 &#x627; &#x642; &#x628;</subfield>
    <subfield code="p">A-794804</subfield>
    <subfield code="r">2015-12-30 00:00:00</subfield>
    <subfield code="t">1</subfield>
    <subfield code="v">225.00</subfield>
    <subfield code="w">2015-12-30</subfield>
    <subfield code="y">UR</subfield>
  </datafield>
</record>
